Análisis de estados financieros: textos y casos
שמור ב:
| מחבר ראשי: | |
|---|---|
| פורמט: | ספר |
| שפה: | ספרדית |
| יצא לאור: |
Santiago
Andrés Bello
2007
|
| נושאים: | |
| תגים: |
הוספת תג
אין תגיות, היה/י הראשונ/ה לתייג את הרשומה!
|
MARC
| LEADER | 00000nam a2200000 a 4500 | ||
|---|---|---|---|
| 001 | UCI5273 | ||
| 003 | CL-VaPUC | ||
| 008 | 080320e20070000CL |||||||||||||||||spa|d | ||
| 020 | |a 9789561319615 | ||
| 082 | 0 | 4 | |a 657.3 |b BRA |2 21 |
| 100 | 0 | |a Bravo Herrera, Fernando |e author |9 527494 | |
| 245 | 1 | 0 | |a Análisis de estados financieros: textos y casos |
| 300 | |a 166 p | ||
| 942 | |c BK | ||
| 945 | |d 20080320 00:00:00 |a rbrito | ||
| 260 | |a Santiago |b Andrés Bello |c 2007 | ||
| 500 | |a Incluye CD | ||
| 650 | 0 | |a Contabilidad |9 261430 | |
| 650 | 0 | |a Análisis de estados financieros |9 527495 | |
| 650 | 0 | |a Análisis financiero |9 264523 | |
| 650 | 7 | |a CORECCION MONETARIA |2 CL-VaPUC |9 527496 | |
| 650 | 0 | |a Análisis de costos |9 315627 | |
| 650 | 0 | |a Derecho sucesorio |9 255015 | |
| 583 | |a last modification |c 20080320 00:00:00 |k Rodrigo Vera | ||
| 999 | |c 329028 |d 329026 | ||
| 952 | |0 0 |1 0 |4 0 |6 657_300000000000000_BRA_2007 |7 0 |8 A |9 413302 |a BIBDER |b BIBDER |d 2019-11-22 |i 4415558 |l 1 |o 657.3 BRA 2007 |p 4415558 |r 2023-01-25 |s 2022-03-17 |w 2019-11-22 |y BK |k DER | ||